Las escuelas eficaces : (Record no. 69502)

MARC details
000 -LEADER
campo de control de longitud fija 00510nam a2200181 4500
001 - NÚMERO DE CONTROL
campo de control 8897
005 - FECHA Y HORA DE LA ÚLTIMA TRANSACCIÓN
campo de control 20230410124018.0
008 - DATOS DE LONGITUD FIJA--INFORMACIÓN GENERAL
campo de control de longitud fija 060907n1998 dr spa
020 ## - NÚMERO INTERNACIONAL ESTÁNDAR DEL LIBRO
Número Internacional Estándar del Libro 842945344X
035 ## - NÚMERO DE CONTROL DEL SISTEMA
-- funglode8970
041 ## - CÓDIGO DE IDIOMA
Código de lengua del texto/banda sonora o título independiente ES
050 14 - SIGNATURA TOPOGRÁFICA DE LA BIBLIOTECA DEL CONGRESO
Número de clasificación LB 2822.8 E74 1998
245 0# - MENCIÓN DEL TÍTULO
Título Las escuelas eficaces :
Resto del título claves para mejorar la enseñanza /
Mención de responsabilidad, etc. David Reynolds... [et. al.]
260 ## - PUBLICACIÓN, DISTRIBUCIÓN, ETC.
Lugar de publicación, distribución, etc. México :
Nombre del editor, distribuidor, etc. Editorial Santillana,
Fecha de publicación, distribución, etc. 1998
300 ## - DESCRIPCIÓN FÍSICA
Extensión 174 p.
700 ## - ENTRADA AGREGADA--NOMBRE PERSONAL
Nombre de persona Reynolds, David
942 ## - ELEMENTOS DE ENTRADA SECUNDARIOS (KOHA)
Fuente del sistema de clasificación o colocación Clasificación de Library of Congress
Tipo de ítem Koha
Holdings
Estatus retirado Estado de pérdida Fuente del sistema de clasificación o colocación Estado de daño No para préstamo Colección Biblioteca de origen Biblioteca actual Ubicación en estantería Fecha de adquisición Serial enumeration / chronology Signatura topográfica completa Código de barras Visto por última vez Tipo de ítem Koha
    Clasificación de Library of Congress     Humanidades Biblioteca Juan Bosch Biblioteca Juan Bosch Humanidades (4to. Piso) 25/10/2018 1 LB 2822.8 E74 1998 00000008749 25/10/2018